1370 1267 1584 1651 1328 1924 1758 1105 1222 1846 1424 1942 1587 1881 1026 1995 1777 1186 1337 1053 1302 1841 1067 1191 1788 1741 1630 1619 1413 1745 1560 1835 1001 1697 1858 1003 1728 1221 1790 1084 1449 1790 1507 1295 1909 1359 1781 1805 1215 1121 1253 1233 1970 1776 1867 1337 1686 1395 1535 1112 1731 1913 1665 1295 1219 1953 1542 1453 1640 1270 1089 1822 1734 1968 1907 1713 1551 1149 1342 1096 1862 1034 1235 1915 1716 1381 1793 1581 1418 1796 1628 1963 1133 1396 1557 1037 1542 1822 1559 BCNSPRNW ULIB Ver.6.0+V

เปลี่ยนเป็นภาษาไทย

Change to English
 แสดงรายละเอียดบรรณานุกรม
  กลับหน้าหลัก

Brief Record : Get Marc (ISO 2709) : E-mail record : QR code < ปิดหน้าต่าง
LEADER : 00000nam 2200000uu 4500
001    13399110519
003     ULIB
008    110602s2543||||th 000 0 tha d
020    9743354999
060 04 WP660^bว569ค 2543
100 0  วิเชียรชัย ผดุงเกียรติวงษ์
245 10 คู่มือบริหารอุ้งเชิงกราน /^cวิเชียรชัย ผดุงเกียรติวงษ์
250    พิมพ์ครั้งที่ 1
260    นนทบุรี :^bสนุกอ่าน,^c2543
300    79 หน้า
650  7 การบริหาร
650  7 อุ้งเชิงกราน
945    ^p80^l0^i017080
945    ^p80^l0^i017079
945    ^p80^l0^i017078
995    ทศพร
999 ^a ใช้งานได้ทุกระบบ
รายการนี้ยังไม่มีแท็ก
คุณยังไม่ได้ล็อกอิน คุณสามารถมีกิจกรรมร่วมกับเว็บไซต์ได้ แต่ต้องล็อกอินก่อน ::
  ล็อกอิน

รายการสื่อสารสนเทศ

ลำดับที่ ประเภท เลขเรียก/บาร์โค้ด สถานที่ สถานะ
- ไม่พบข้อมูล -

รายการใกล้เคียง
    หัวเรื่อง [การบริหาร]
    หัวเรื่อง [อุ้งเชิงกราน]

BibComment


ยังไม่เคยถูกคอมเมนท์

คอมเมนท์ทรัพยากรรายการนี้
  คอมเมนท์: คู่มือบริหารอุ้งเ..


 Copyright 2026. Bcnsprnw @Library